Computer Graphics: Principles and Practice (Record no. 161)

MARC details
000 -LEADER
fixed length control field 00443nam a22001697a 4500
005 - DATE AND TIME OF LATEST TRANSACTION
control field 20180821134247.0
008 - FIXED-LENGTH DATA ELEMENTS--GENERAL INFORMATION
fixed length control field 160428b xxu||||| |||| 00| 0 eng d
020 ## - INTERNATIONAL STANDARD BOOK NUMBER
ISBN 81-7808038-9
041 ## - LANGUAGE CODE
Language code of text/sound track or separate title eng
082 ## - DEWEY DECIMAL CLASSIFICATION NUMBER
Item number 00567
Classification number 006.6
100 ## - MAIN ENTRY--AUTHOR NAME
Personal name Foley, James D
245 ## - TITLE STATEMENT
Title Computer Graphics: Principles and Practice
260 ## - PUBLICATION, DISTRIBUTION, ETC. (IMPRINT)
Place of publication New Delhi
Name of publisher Pearson Education,
Year of publication 2004
300 ## - PHYSICAL DESCRIPTION
Number of Pages 1174
650 ## - SUBJECT ADDED ENTRY--TOPICAL TERM
Topical Term Information Technology
942 ## - ADDED ENTRY ELEMENTS (KOHA)
Koha item type Books
Holdings
Lost status Damaged status Collection code Home library Current library Shelving location Date acquired Full call number Accession Number Koha item type
    CS/IT JRU Library JRU Library SHELF-53-B 28/04/2016 006.6 00567 Books
    CS/IT JRU Library JRU Library SHELF-53-B 28/04/2016 006.6 00568 Books
    CS/IT JRU Library JRU Library SHELF-53-B 28/04/2016 006.6 00569 Books
    CS/IT JRU Library JRU Library SHELF-53-B 28/04/2016 006.6 00570 Books